Tous les niveaux de Super Mario Galaxy + Mario Galaxy 2 - Statistiques

Statistiques générales
  • Ce quiz a été pris 53 fois
  • Le résultat moyen est 39 sur 91
Statistiques - réponses
Quel jeu ? Quel monde ? Réponse % Correct
Mario Galaxy Terrasse Royaume des Abeilles
89%
Mario Galaxy Terrasse Planètes Oeufs
80%
Mario Galaxy Salle des machines Coffre à Jouets
69%
Mario Galaxy Cuisine Plage Saladier
69%
Mario Galaxy Salle des machines Boucle Océane
66%
Mario Galaxy Galaxie des épreuves Épreuve de la Boule
66%
Mario Galaxy Galaxie des épreuves Épreuve de la Bulle
66%
Mario Galaxy Galaxie des épreuves Épreuve du Surf
66%
Mario Galaxy Chambre Volcan de Glace
66%
Mario Galaxy Salle de bain Forteresse Rocheuse
63%
Mario Galaxy Cuisine Galaxie Fantôme
63%
Mario Galaxy Chambre Usine de Matière noire
63%
Mario Galaxy Salle des machines Bois d'Automne
60%
Mario Galaxy Terrasse Dalles Réversibles
60%
Mario Galaxy Salle de bain Défi de la Boule
60%
Mario Galaxy Cuisine Défi de la Bulle
60%
Mario Galaxy Terrasse Défi du Surf
60%
Mario Galaxy Chambre Jardins Venteux
60%
Mario Galaxy Salle de bain Limbes
60%
Mario Galaxy Introduction Portail Céleste
60%
Mario Galaxy Terrasse Usine de Robots
60%
Mario Galaxy Grenier Flotte Armée
57%
Mario Galaxy Chambre Île Sablonneuse
57%
Mario Galaxy Salle des machines Requin Squelette
57%
Mario Galaxy Salle de bain Poussière d'Étoile
54%
Mario Galaxy 2 Monde 1 Station Stellaire
54%
Mario Galaxy Terrasse Fabrique de Gâteaux
51%
Mario Galaxy Cuisine Larme
51%
Mario Galaxy 2 Monde 1 Nid de Yoshi
51%
Mario Galaxy Cuisine Usine de Vaisseaux
51%
Mario Galaxy 2 Monde 2 Araplane Tropical
49%
Mario Galaxy Grenier Cercles Mystérieux
49%
Mario Galaxy 2 Monde 1 Dalles Clic-clac
49%
Mario Galaxy Grenier Gerbes Infernales
49%
Mario Galaxy Grenier Grotte du Donjon
49%
Mario Galaxy Cuisine Île Flottante
49%
Mario Galaxy Chambre Ruche d'escalade
49%
Mario Galaxy Chambre Tunnel Poissonneux
46%
Mario Galaxy 2 Monde 4 Usine Chomp
46%
Mario Galaxy Salle des machines Usine de Créatures
46%
Mario Galaxy 2 Monde 3 Allées Hantées
43%
Mario Galaxy 2 Monde 2 Anse Étoilée
43%
Mario Galaxy 2 Monde 5 Araplane Extrême
43%
Mario Galaxy 2 Monde 2 Chutes Abruptes
43%
Mario Galaxy 2 Monde 3 Tronc sans Fin
43%
Mario Galaxy "Au coeur de l'univers" Usine Galactique
43%
Mario Galaxy Salle de bain Usine Stellaire
43%
Mario Galaxy 2 Monde S Mario 2D
40%
Mario Galaxy 2 Monde 2 Mine d'Étoiles
40%
Mario Galaxy 2 Monde 6 Ruines Perpétuelles
40%
Mario Galaxy 2 Monde 2 Scierie Sidérale
40%
Mario Galaxy 2 Monde 1 Terrasse des Rigolonimbus
40%
Mario Galaxy 2 Monde 3 Blocs Tac-tic
37%
Mario Galaxy Grenier Capsule Neigeuse
37%
Mario Galaxy 2 Monde 6 Forteresse Rétro
37%
Mario Galaxy 2 Monde 4 Monde à l'Envers
37%
Mario Galaxy 2 Monde 3 Moulins à Nuage
37%
Mario Galaxy 2 Monde 5 Petit Boo de Lune
37%
Mario Galaxy 2 Monde 4 Plage Astrale
37%
Mario Galaxy 2 Monde 2 Printemps Éternel
37%
Mario Galaxy 2 Monde 3 Station du Flocon de Braise
37%
Mario Galaxy 2 Monde 3 Atelier Maboule
34%
Mario Galaxy 2 Monde 1 Forage Cosmique
34%
Mario Galaxy 2 Monde 4 Monde des Titans
34%
Mario Galaxy 2 Monde 1 Manoir Menaçant de Bowser Jr
31%
Mario Galaxy 2 Monde 4 Mont Mielleux
31%
Mario Galaxy 2 Monde 5 Satellite Survolté
31%
Mario Galaxy 2 Monde 6 Mers de Lave
29%
Mario Galaxy Salle de jeu Promenade Sinistre
29%
Mario Galaxy 2 Monde 4 Succulents Mystères
29%
Mario Galaxy Salle de bain Astéroïdes aux Cocons
26%
Mario Galaxy 2 Monde 5 Château Dessus-Dessous
26%
Mario Galaxy 2 Monde 2 Citadelle Sinistre de Bowser
26%
Mario Galaxy 2 Monde 5 Magma Glacé
26%
Mario Galaxy 2 Monde 6 Manoir Stroboscopique
26%
Mario Galaxy Salle des machines Rivière de Sable
26%
Mario Galaxy 2 Monde 5 Sables Glissants
26%
Mario Galaxy 2 Monde S Trophée des Virtuoses
26%
Mario Galaxy 2 Monde 6 Cavernes Englouties
23%
Mario Galaxy 2 Monde 1 Cubes Gravitationnels
23%
Mario Galaxy 2 Monde S Cyclone de Pierre
23%
Mario Galaxy 2 Monde 6 Fabrique de Galaxies de Bowser
23%
Mario Galaxy 2 Monde 5 Fort Foudroyant de Bowser Jr
23%
Mario Galaxy 2 Monde S Manège Arc-en-ciel
23%
Mario Galaxy 2 Monde 6 Arène Interplanétaire
20%
Mario Galaxy 2 Monde 3 Base Interstellaire de Bowser Jr
20%
Mario Galaxy 2 Monde S Boss à la Chaîne
20%
Mario Galaxy 2 Monde 4 Forteresse Féroce de Bowser
20%
Mario Galaxy 2 Monde S Tournebroches Retors
20%
Mario Galaxy 2 Monde S Couloirs à Coulisses
17%
Mario Galaxy Introduction Le Festival des Éclats d'Étoiles
9%
Aucun quiz correspondant
Distribution des résultats
% des personnes avec chaque résultat
Percentile par nombre de réponses
Votre historique - résultats
Vous n’avez pas pris ce quiz